Detalles MARC
| 000 -LEADER |
| fixed length control field |
02417nam a2200397Ii 4500 |
| 001 - CONTROL NUMBER |
| control field |
DIGBIN02116 |
| 003 - CONTROL NUMBER IDENTIFIER |
| control field |
NyNyDIG |
| 006 - FIXED-LENGTH DATA ELEMENTS--ADDITIONAL MATERIAL CHARACTERISTICS |
| fixed length control field |
m o d |
| 007 - PHYSICAL DESCRIPTION FIXED FIELD--GENERAL INFORMATION |
| fixed length control field |
cr ||||||||||| |
| 008 - FIXED-LENGTH DATA ELEMENTS--GENERAL INFORMATION |
| fixed length control field |
100625s2010 sp ob 000 0 spa d |
| 020 ## - INTERNATIONAL STANDARD BOOK NUMBER |
| Canceled/invalid ISBN |
8497429281 |
| 020 ## - INTERNATIONAL STANDARD BOOK NUMBER |
| Canceled/invalid ISBN |
9788497429283 |
| 035 ## - SYSTEM CONTROL NUMBER |
| System control number |
(OCoLC)888256738 |
| 040 ## - CATALOGING SOURCE |
| Original cataloging agency |
DGITA |
| Language of cataloging |
eng |
| Description conventions |
pn |
| Transcribing agency |
DGITA |
| 043 ## - GEOGRAPHIC AREA CODE |
| Geographic area code |
s-ve--- |
| 050 14 - LIBRARY OF CONGRESS CALL NUMBER |
| Classification number |
KHW2202 eBook |
| 100 1# - MAIN ENTRY--PERSONAL NAME |
| Personal name |
Torrecuadrada García-Lozano, Ma. Soledad. |
| 245 14 - TITLE STATEMENT |
| Title |
Los derechos de los pueblos indígenas en Venezuela / |
| Statement of responsibility, etc. |
Soledad Torrecuadrada García-Lozano. |
| 264 #1 - PRODUCTION, PUBLICATION, DISTRIBUTION, MANUFACTURE, AND COPYRIGHT NOTICE |
| Place of production, publication, distribution, manufacture |
Madrid : |
| Name of producer, publisher, distributor, manufacturer |
Biblioteca Nueva : |
| -- |
Fundación José Ortega y Gasset, |
| Date of production, publication, distribution, manufacture, or copyright notice |
2010. |
| 300 ## - PHYSICAL DESCRIPTION |
| Extent |
1 online resource (272 pages) |
| 336 ## - CONTENT TYPE |
| Content type term |
text |
| Content type code |
txt |
| Source |
rdacontent |
| 337 ## - MEDIA TYPE |
| Media type term |
computer |
| Media type code |
c |
| Source |
rdamedia |
| 338 ## - CARRIER TYPE |
| Carrier type term |
online resource |
| Carrier type code |
cr |
| Source |
rdacarrier |
| 490 1# - SERIES STATEMENT |
| Series statement |
El Arquero ; |
| Volume/sequential designation |
16. |
| 504 ## - BIBLIOGRAPHY, ETC. NOTE |
| Bibliography, etc. note |
Includes bibliographical footnotes. |
| 505 0# - FORMATTED CONTENTS NOTE |
| Formatted contents note |
Introducción: 1. La sociedad Venezolana--2. La situación de los pueblos indígenas--3. La evolución histórica de los derechos de los pueblos indígenas en Venezuela--4. Los derechos de los pueblos indígenas en el orden internacional--II. Los derechos de los pueblos indígenas en Venezuela: A. Los Pueblos indígenas y la Constitución de 1999--B. El factor indígena en la articulación de los poderes del Estado--III. Los derechos culturales de los pueblos indígenas: A. Consideraciones generales--B. Los derechos indígenas sobre las tierras--C. Los derechos culturales--IV. Epílogo: V. Anexo documental--A. Convenio no 107 de la OIT (1957)--B. Convenio no 169 de la OIT (1989)--C. Declaración de Naciones Unidas sobre los derechos de los pueblos indígenas (Resolución de la AGNU 61/295)--D. Texto consolidado del Proyecto de Declaración de la OEA sobre los derechos de los pueblos indígenas--E. Ley Orgánica de Pueblos y Comunidades indígenas de Venezuela |
| 650 #0 - SUBJECT ADDED ENTRY--TOPICAL TERM |
| Topical term or geographic name entry element |
Indians of South America |
| General subdivision |
Legal status, laws, etc. |
| Geographic subdivision |
Venezuela. |
| 650 #0 - SUBJECT ADDED ENTRY--TOPICAL TERM |
| Topical term or geographic name entry element |
Indigenous peoples |
| General subdivision |
Legal status, laws, etc. |
| Geographic subdivision |
Venezuela. |
| 655 #0 - INDEX TERM--GENRE/FORM |
| Genre/form data or focus term |
Electronic books. |
| 791 2# - |
| -- |
Digitalia (Firm), |
| -- |
distributor. |
| 793 0# - |
| -- |
Digitalia eBook Collection: |
| -- |
Biblioteca Nueva |
| 830 #0 - SERIES ADDED ENTRY--UNIFORM TITLE |
| Uniform title |
Colección El arquero (Fundación Ortega y Gasset) ; |
| Volume/sequential designation |
16. |
| 856 40 - ELECTRONIC LOCATION AND ACCESS |
| Materials specified |
Digitalia Hispánica |
| Uniform Resource Identifier |
<a href="https://www.digitaliapublishing.com/a/9870/">https://www.digitaliapublishing.com/a/9870/</a> |
| 910 ## - USER-OPTION DATA (OCLC) |
| User-option data |
Premium Collection: 2007-2012 |
| 942 ## - ADDED ENTRY ELEMENTS (KOHA) |
| Koha item type |
Recurso Electrónico |